| 000 | 00935nam a2200217 i 4500 | ||
|---|---|---|---|
| 001 | 86313 | ||
| 003 | ES-MaACL | ||
| 005 | 20250831091718.0 | ||
| 007 | c| | ||
| 008 | 041227s2003 sp |||| | spa d | ||
| 080 | _a32-054.7(460)"1939/1978"(086) | ||
| 245 | 0 | 0 |
_aExilio [ _hRecurso electrónico]. |
| 260 |
_a[Madrid] : _bFundación Jaime Vera ; Fundación Pablo Iglesias, _c[2003] |
||
| 300 |
_a1 disco compacto (CD-ROM) : _bson., col. ; _c12 cm. |
||
| 500 | _aEste trabajo recoge los materiales expuestos en la exposición "Exilio", organizada por la Fundación Pablo Iglesias en el Palacio de Cristal del Retiro (Madrid), inaugurada el 17 de septiembre de 2002 y clausurada el 3 de diciembre del mismo año. | ||
| 650 | 1 | 4 |
_aExiliados españoles- _y1939-1975- _vCD-ROM. _912659 |
| 710 | 2 |
_aFundación Pablo Iglesias _94374 |
|
| 710 | 2 |
_aFundación Jaime Vera. _94334 |
|
| 852 |
_aES-MaACL _jROT 1/4/20 |
||
| 999 |
_c86313 _d86313 |
||